| 000 | 00478nam a2200181 a 4500 | ||
|---|---|---|---|
| 005 | 20140310183259.0 | ||
| 008 | 970101s19uu xx 00 eng d | ||
| 020 | _a1853262978 | ||
| 050 |
_aPZ 3 _b.C764 1996 |
||
| 100 | _aCondrad,Joseph | ||
| 245 |
_aAlmayer's folly / _cJoseph Condrad. |
||
| 260 |
_aHertfordshire : _bWordsworth Editions Ltd, _c1996. |
||
| 300 |
_a292 p.: _c19 cm. |
||
| 500 | _aIncludes index. | ||
| 650 | _aFiction | ||
| 942 |
_cBK _2lcc |
||
| 999 |
_c20911 _d20911 |
||